MESTSKÁ KNIŽNICA GIRALTOVCE  - online katalóg 

Sonderbehandlung, alebo, Zvláštne zaobchádzanie (Record no. 23379)

000 -NÁVESTIE
fixed length control field 02927cam a2200745 4500
001 - EVIDENČNÉ ČÍSLO ZÁZNAMU - Kontrolné číslo
control field vtls011877575
005 - DÁTUM A ČAS POSLEDNEJ TRANSAKCIE
control field 20221006111435.0
008 - ÚDAJE S PEVNOU DĹŽKOU – VŠEOBECNÉ INFORMÁCIE
fixed length control field 210701s2019 xo he gr 000 faslo
020 ## - MEDZINÁRODNÉ ŠTANDARDNÉ ČÍSLO KNIHY (ISBN)
Medzinárodné štandardné číslo knihy (ISBN) 9788056902301
Qualifying information (viazané)
035 ## - Iný štandardný identifikátor
Iný štandardný identifikátor urn:nbn:sk:snk-am00ffm9
035 ## - Iný štandardný identifikátor
Iný štandardný identifikátor urn:nbn:sk:snk-am3irzu
035 ## - Iný štandardný identifikátor
Iný štandardný identifikátor 578E38D6-2583-4EFE-B908-0B87C5A0164A
040 ## - ZDROJ KATALOGIZÁCIE
Pôvodná katalogizujúca agentúra SVKPO
Jazyk katalogizácie slo
Prepisujúca agentúra SVKPO
Modifikujúca agentúra SNK
Konvencie popisu rda
041 1# - KÓD JAZYKA
Kód jazyka textu/zvukovej stopy alebo samostatných nápisov slo
Kód jazyka originálu a/alebo sprostredkujúcich prekladov textu ger
044 ## - KÓD KRAJINY VYDAVATEĽA/PRODUCENTA
Kód krajiny MARC xo
Kód krajiny ISO SK
072 #7 - KÓD PREDMETOVEJ KATEGÓRIE
Kód predmetovej kategórie 343.8
Pododdiel kódu predmetovej kategórie Väzenstvo
Zdroj konspekt
072 #7 - KÓD PREDMETOVEJ KATEGÓRIE
Kód predmetovej kategórie 929
Pododdiel kódu predmetovej kategórie Biografie
Zdroj konspekt
080 ## - ČÍSLO MEDZINÁRODNÉHO DESATINNÉHO TRIEDENIA (MDT)
Číslo Medzinárodného desatinného triedenia (MDT) 343.819.5
Identifikátor vydania 2011
080 ## - ČÍSLO MEDZINÁRODNÉHO DESATINNÉHO TRIEDENIA (MDT)
Číslo Medzinárodného desatinného triedenia (MDT) 323.12"1939/1945"
Identifikátor vydania 2011
080 ## - ČÍSLO MEDZINÁRODNÉHO DESATINNÉHO TRIEDENIA (MDT)
Číslo Medzinárodného desatinného triedenia (MDT) 323.28:329.17
Identifikátor vydania 2011
080 ## - ČÍSLO MEDZINÁRODNÉHO DESATINNÉHO TRIEDENIA (MDT)
Číslo Medzinárodného desatinného triedenia (MDT) 94(100)"1939/1945"
Identifikátor vydania 2011
080 ## - ČÍSLO MEDZINÁRODNÉHO DESATINNÉHO TRIEDENIA (MDT)
Číslo Medzinárodného desatinného triedenia (MDT) (=411.16)
Identifikátor vydania 2011
080 ## - ČÍSLO MEDZINÁRODNÉHO DESATINNÉHO TRIEDENIA (MDT)
Číslo Medzinárodného desatinného triedenia (MDT) (438)
Identifikátor vydania 2011
080 ## - ČÍSLO MEDZINÁRODNÉHO DESATINNÉHO TRIEDENIA (MDT)
Číslo Medzinárodného desatinného triedenia (MDT) (437.6)
Identifikátor vydania 2011
080 ## - ČÍSLO MEDZINÁRODNÉHO DESATINNÉHO TRIEDENIA (MDT)
Číslo Medzinárodného desatinného triedenia (MDT) (0:82-94)
Identifikátor vydania 2011
100 1# - OSOBNÉ MENÁ – VŠEOBECNÉ INFORMÁCIE
Osobné meno Müller, Filip,
Dátumy súvisiace s menom 1922-2013
Kód roly aut
-- 3559
240 10 - UNIFIKOVANÝ NÁZOV
Unifikovaný názov Sonderbehandlung Drei Jahre in den Krematorien und Gaskommern von Auschwitz
Jazyk diela Slovensky
245 10 - NÁZOV
Názov Sonderbehandlung, alebo, Zvláštne zaobchádzanie
Zvyšok názvu tri roky v osvienčimských krematóriách a plynových komorách
Údaj o zodpovednosti atď. Filip Müller ; z nemeckého originálu Sonderbehandlung, Drei Jahre in den Krematorien und Gaskammern von Auschwitz ... preložila Marta Ličková
246 30 - INÁ FORMA NÁZVU
Hlavný názov/skrátený názov Zvláštne zaobchádzanie
246 30 - INÁ FORMA NÁZVU
Hlavný názov/skrátený názov Tri roky v osvienčimských krematóriách a plynových komorách
250 ## - ÚDAJ O PORADÍ VYDANIA
Údaj o poradí vydania 1. vydanie
264 #1 - VYDAVATEĽSKÉ ÚDAJE, DISTRIBÚCIA ATĎ. - RDA
Miesto publikovania, distribúcie atď. Bratislava
Názov vydavateľa, distibútora atď. Marenčin PT
Dátum publikovania, distribúcie atď. 2019
300 ## - FYZICKÝ POPIS
Rozsah 244 strán
Ďalšie fyzické detaily faksimile, plány
Rozmery 21 cm
336 ## - TYP OBSAHU
Typ obsahu - termín text
Typ obsahu - kód txt
Zdroj rdacontent
337 ## - TYP MÉDIA
Typ média - termín bez média
Typ média - kód n
Zdroj rdamedia
338 ## - TYP NOSIČA
Typ nosiča - termín zväzok
Typ nosiča - kód nc
Zdroj rdacarrier
500 ## - VŠEOBECNÁ POZNÁMKA
Formátovaná poznámka o obsahu Obsahuje biografické údaje o autorovi na záložke prebalu publikácie
600 17 - PRIDANÝ VSTUP – PREDMET – OSOBNÉ MENO
Osobné meno Müller, Filip,
Dátumy súvisiace s menom 1922-2013
Zdroj hesla alebo termínu SNKMA
-- 3559
610 27 - PRIDANÝ VSTUP – PREDMET – KORPORATÍVNE MENO
Korporatívne meno alebo meno jurisdikcie ako vstupný prvok Osvienčim (koncentračný tábor)
Zdroj hesla alebo termínu SNKKA
-- 2168
610 27 - PRIDANÝ VSTUP – PREDMET – KORPORATÍVNE MENO
Korporatívne meno alebo meno jurisdikcie ako vstupný prvok Sonderkommando
Zdroj hesla alebo termínu SNKKA
-- 3560
610 27 - PRIDANÝ VSTUP – PREDMET – KORPORATÍVNE MENO
Korporatívne meno alebo meno jurisdikcie ako vstupný prvok Brezinka (koncentračný tábor)
Zdroj hesla alebo termínu SNKKA
-- 3561
648 #7 - PRIDANÝ VSTUP – PREDMET – CHRONOLOGICKÝ TERMÍN
Chronologický termín 1939-1945
Zdroj hesla alebo termínu SNKPH
-- 2019
650 07 - PRIDANÝ VSTUP – PREDMET – TEMATICKÉ HESLO
Tematické heslo alebo geografický názov ako vstupný prvok koncentračné tábory
Zdroj hesla alebo termínu SNKPH
-- 1734
650 07 - PRIDANÝ VSTUP – PREDMET – TEMATICKÉ HESLO
Tematické heslo alebo geografický názov ako vstupný prvok holokaust (1939-1945)
Zdroj hesla alebo termínu SNKPH
-- 1733
650 07 - PRIDANÝ VSTUP – PREDMET – TEMATICKÉ HESLO
Tematické heslo alebo geografický názov ako vstupný prvok nacistické zločiny
Zdroj hesla alebo termínu SNKPH
-- 2558
650 07 - PRIDANÝ VSTUP – PREDMET – TEMATICKÉ HESLO
Tematické heslo alebo geografický názov ako vstupný prvok druhá svetová vojna (1939-1945)
Zdroj hesla alebo termínu SNKPH
-- 1735
650 07 - PRIDANÝ VSTUP – PREDMET – TEMATICKÉ HESLO
Tematické heslo alebo geografický názov ako vstupný prvok Židia
Zdroj hesla alebo termínu SNKPH
-- 1732
650 07 - PRIDANÝ VSTUP – PREDMET – TEMATICKÉ HESLO
Tematické heslo alebo geografický názov ako vstupný prvok Concentration camps
Zdroj hesla alebo termínu SNKPHeng
-- 1739
650 07 - PRIDANÝ VSTUP – PREDMET – TEMATICKÉ HESLO
Tematické heslo alebo geografický názov ako vstupný prvok Holocaust, 1939-1945
Zdroj hesla alebo termínu SNKPHeng
-- 1738
650 07 - PRIDANÝ VSTUP – PREDMET – TEMATICKÉ HESLO
Tematické heslo alebo geografický názov ako vstupný prvok Crimes of nazism
Zdroj hesla alebo termínu SNKPHeng
-- 2559
650 07 - PRIDANÝ VSTUP – PREDMET – TEMATICKÉ HESLO
Tematické heslo alebo geografický názov ako vstupný prvok World War (1939-1945)
Zdroj hesla alebo termínu SNKPHeng
-- 1740
650 07 - PRIDANÝ VSTUP – PREDMET – TEMATICKÉ HESLO
Tematické heslo alebo geografický názov ako vstupný prvok Jews
Zdroj hesla alebo termínu SNKPHeng
-- 1737
651 #7 - PRIDANÝ VSTUP – PREDMET – GEOGRAFICKÝ NÁZOV
Geografický názov Poľsko
Zdroj hesla alebo termínu SNKPHgeo
-- 1754
651 #7 - PRIDANÝ VSTUP – PREDMET – GEOGRAFICKÝ NÁZOV
Geografický názov Poland
Zdroj hesla alebo termínu SNKPH
-- 1755
651 #7 - PRIDANÝ VSTUP – PREDMET – GEOGRAFICKÝ NÁZOV
Geografický názov Slovensko
Zdroj hesla alebo termínu SNKPHgeo
-- 1613
651 #7 - PRIDANÝ VSTUP – PREDMET – GEOGRAFICKÝ NÁZOV
Geografický názov Slovakia
Zdroj hesla alebo termínu SNKPHeng
-- 1614
655 #7 - INDEXAČNÝ TERMÍN – ŽÁNER/FORMA
Údaje o žánri/forme alebo termín, ktorý je prvok fazety autobiografické spomienky
Zdroj termínu SNKPH
-- 2024
655 #7 - INDEXAČNÝ TERMÍN – ŽÁNER/FORMA
Údaje o žánri/forme alebo termín, ktorý je prvok fazety Autobiographical reminiscences
Zdroj termínu SNKPHeng
-- 2025
700 1# - PRIDANÝ VSTUP – OSOBNÉ MENO
Osobné meno Kilian, Andreas,
Dátumy súvisiace s menom 1974-
Kód roly aft
-- 3562
700 1# - PRIDANÝ VSTUP – OSOBNÉ MENO
Osobné meno Ličková, Marta,
Dátumy súvisiace s menom 1926-
Kód roly trl
-- 3563
700 1# - PRIDANÝ VSTUP – OSOBNÉ MENO
Osobné meno Blehová, Marta
Kód roly trl
-- 3564
958 ## - Formálny deskriptor
Formálny deskriptor OND
958 ## - Formálny deskriptor
Formálny deskriptor LX
958 ## - Formálny deskriptor
Formálny deskriptor UP
Holdings
Stav stiahnutia (Blokovanie) (Withrawn status) Stav straty Zdroj klasifikácie pre skladovanie Stav poškodenia (Damaged status) Nie pre výpožičky (Not for loan) Spôsob nadobudnutia (Collection code) Trvalé umiestnenie Aktuálne umiestnenie Dátum nadobudnutia Náklady, bežná kúpna cena Inventárne číslo (prírastkové číslo) Celkom výpožičky Celkom prolongácie (predĺženia) Full call number Čiarový kód Dátum posledného výskytu Dátum poslednej výpôžičky Cena s účinnosťou od Typ jednotky Koha
          Kúpa Mestská knižnica Giraltovce Mestská knižnica Giraltovce 2022-10-06 9.00 21712 2 1 B10523 B10523 2023-08-10 2023-05-15 2022-10-06 Krásna literatúra pre dospelých

Powered by Koha